[Event "AUTO-OPEN-1286"]
[Site "http://www.queenalice.com/game.php?id=471728"]
[Date "2008.10.2"]
[Round "1"]
[White "Dougtzu"]
[Black "lseaompaio"]
[Result "1-0"]
[WhiteElo "1915"]
[BlackElo "1659"]

1. d4 Nf6 2. c4 d6 3. Nc3 e5 4. Bg5 Be7 5. dxe5 dxe5 6. Qxd8+ Bxd8 7. Bxf6 Bxf6
8. Ne4 Be7 9. Nf3 Bb4+ 10. Nfd2 Bf5 11. a3 Bxd2+ 12. Nxd2 Nc6 13. e3 O-O 14. Be2
a5 15. O-O Rfd8 16. Nf3 e4 17. Nh4 Be6 18. g3 Rd2 19. Rfe1 g5 20. Ng2 Ne5 21.
Kf1 Nf3 22. Red1 1-0

[Event "AUTO-OPEN-1286"]
[Site "http://www.queenalice.com/game.php?id=471729"]
[Date "2008.10.2"]
[Round "1"]
[White "lseaompaio"]
[Black "Dougtzu"]
[Result "0-1"]
[WhiteElo "1653"]
[BlackElo "1921"]

1. Nf3 d5 2. b3 c5 3. Bb2 Nc6 4. e3 e6 5. Bb5 Bd7 6. Bxc6 Bxc6 7. d3 Nf6 8. Ne5
Bd6 9. Nxc6 bxc6 10. Nd2 O-O 11. O-O Qc7 12. Bxf6 gxf6 13. f4 Kh8 14. Qh5 Rg8
15. Rf3 Rg7 16. Nf1 Rag8 17. Rg3 Rxg3 18. Nxg3 e5 19. Qh4 Rg6 20. Nf5 exf4 0-1

[Event "AUTO-OPEN-1286"]
[Site "http://www.queenalice.com/game.php?id=471750"]
[Date "2008.10.2"]
[Round "1"]
[White "Boeing"]
[Black "lseaompaio"]
[Result "0-1"]
[WhiteElo "1852"]
[BlackElo "1855"]

1. e4 Nf6 2. d3 d5 3. e5 Nfd7 4. d4 c5 5. Bb5 Qb6 6. Bxd7+ Nxd7 7. dxc5 Qb4+ 8.
Bd2 Qxb2 9. Nc3 Qb4 10. Rb1 Qxc5 11. Rb5 Qc6 12. Rxd5 Nb6 13. Qf3 Nxd5 14. Nxd5
Qxc2 15. Ne2 Bd7 16. Nb4 Qb1+ 17. Nc1 Qf5 18. Ncd3 Qxf3 19. gxf3 e6 20. a4 Bxa4
21. Nb2 Bb3 22. O-O Rd8 23. Bc3 a5 24. N4d3 a4 25. Nc1 Bc2 26. Nc4 Rc8 27. Nd6+
Bxd6 28. exd6 Rxc3 29. Na2 Rc4 30. Rc1 Bb3 31. Rb1 Bxa2 32. Rxb7 O-O 33. d7 Rd4
34. Kg2 Rd8 35. Rb2 Bb3 0-1

[Event "AUTO-OPEN-1286"]
[Site "http://www.queenalice.com/game.php?id=471751"]
[Date "2008.10.2"]
[Round "1"]
[White "lseaompaio"]
[Black "Boeing"]
[Result "1-0"]
[WhiteElo "1934"]
[BlackElo "1850"]

1. e4 e5 2. Nf3 d6 3. d4 exd4 4. Nxd4 c5 5. Bb5+ Bd7 6. Bxd7+ Nxd7 7. Nf5 Qb6 8.
O-O O-O-O 9. Nc3 Ngf6 10. Re1 h5 11. Bf4 c4 12. Nd5 Nxd5 13. Qxd5 Nf6 14. Qxc4+
Kb8 15. Qxf7 Ng4 16. Rf1 Ne5 17. Qd5 g6 18. Bxe5 dxe5 19. Qxe5+ Bd6 20. Nxd6
Qxd6 21. Qxd6+ Rxd6 22. Rfd1 Rb6 23. b3 Re8 24. f3 h4 25. Rd5 Rf8 26. Rad1 a6
27. Rd6 Rxd6 28. Rxd6 Rc8 29. c4 Rg8 30. Kf2 Kc7 31. c5 b5 32. Rxa6 g5 33. Ke3
g4 34. f4 g3 35. h3 Rd8 36. Rd6 Ra8 37. e5 Rxa2 38. e6 Ra3 39. e7 Ra8 40. f5 Re8
41. f6 b4 42. Kf4 Rg8 43. f7 1-0

[Event "AUTO-OPEN-1286"]
[Site "http://www.queenalice.com/game.php?id=471764"]
[Date "2008.10.2"]
[Round "1"]
[White "lseaompaio"]
[Black "ricardosf"]
[Result "0-1"]
[WhiteElo "1784"]
[BlackElo "1542"]

1. Nf3 e6 2. b3 Nc6 3. Bb2 d5 4. e3 Nb4 5. a3 c5 6. axb4 cxb4 7. Ne5 f6 8. Qh5+
g6 9. Nxg6 hxg6 10. Qxh8 e5 11. Bb5+ Bd7 12. Bxd7+ Qxd7 13. Qxg8 d4 14. exd4
exd4 15. Qxg6+ Kd8 16. Qxf6+ Qe7+ 17. Qxe7+ Bxe7 18. Bxd4 Bd6 19. Ra5 b6 0-1

[Event "AUTO-OPEN-1286"]
[Site "http://www.queenalice.com/game.php?id=471765"]
[Date "2008.10.2"]
[Round "1"]
[White "ricardosf"]
[Black "lseaompaio"]
[Result "1-0"]
[WhiteElo "1568"]
[BlackElo "1741"]

1. e4 d5 2. e5 Bf5 3. Qf3 e6 4. g4 Be4 5. Qb3 Bxh1 6. Qxb7 Nd7 7. Bb5 Qc8 8.
Bxd7+ Kxd7 9. Qb5+ c6 10. Qa5 Qb8 11. Nc3 Qb6 12. Qxb6 axb6 13. b4 Bxb4 14. a3
h5 15. gxh5 Rxh5 16. d4 Bxc3+ 17. Bd2 Bxa1 18. Ne2 Rxh2 19. Ng3 Bf3 20. c4 1-0

[Event "Challenge"]
[Site "http://www.queenalice.com/game.php?id=491443"]
[Date "2008.11.10"]
[Round "-"]
[White "lseaompaio"]
[Black "TMG"]
[Result "0-1"]
[WhiteElo "1689"]
[BlackElo "2171"]

1. f4 d5 2. Nf3 e5 3. fxe5 Bg4 4. d4 f6 5. c3 Nc6 6. Qb3 Qd7 7. Qxb7 Rb8 8. Qa6
fxe5 9. dxe5 Nge7 10. h3 Be6 11. e3 Rb6 12. Qa4 Nxe5 13. Qxa7 Nxf3+ 14. gxf3 Nc6
0-1

[Event "AUTO-OPEN-1333"]
[Site "http://www.queenalice.com/game.php?id=491673"]
[Date "2008.11.11"]
[Round "1"]
[White "lseaompaio"]
[Black "silverado"]
[Result "1-0"]
[WhiteElo "1500"]
[BlackElo "1868"]

1. e4 e5 2. Nf3 Nc6 3. Bc4 Nd4 4. Nxe5 Qg5 5. Bxf7+ Ke7 6. O-O Qxe5 7. Bxg8 Rxg8
8. c3 Nc6 9. d4 Qb5 10. a4 Qc4 11. d5 Ne5 12. Na3 Qd3 13. Qh5 Qxe4 14. Bg5+ Kd6
15. Nb5+ Kc5 16. Be3+ Kc4 17. b3+ Kxb3 18. Qe2 c5 19. Qa2# 1-0

[Event "AUTO-OPEN-1333"]
[Site "http://www.queenalice.com/game.php?id=491698"]
[Date "2008.11.11"]
[Round "1"]
[White "Groomi"]
[Black "lseaompaio"]
[Result "1-0"]
[WhiteElo "1716"]
[BlackElo "1819"]

1. d4 Nf6 2. Nc3 e6 3. e4 Bb4 4. e5 Nd5 5. Bd2 Nxc3 6. bxc3 Ba5 7. Nh3 d6 8. Ng5
Bxc3 9. Qh5 g6 10. Qh6 Bxa1 11. Qg7 Kd7 12. Nxf7 Qf8 13. Qxf8 Rxf8 14. Bb5+ c6
15. Nxd6 cxb5 16. Nxb5 a6 17. Bb4 Rf4 18. c3 axb5 19. a3 Bb2 20. O-O Na6 21. g3
Rf3 22. Kg2 Rd3 23. Bf8 Bxc3 24. Rc1 Nc7 25. Bd6 Nd5 26. Rb1 Bxd4 27. Rxb5 Rd2
28. Kf3 Rxf2+ 29. Ke4 Nc3+ 30. Kxd4 Nxb5+ 31. Ke3 Rxh2 32. Bb4 Nxa3 33. Kf4 Ra4
34. Kg5 Rxb4 35. Kf6 1-0

[Event "AUTO-OPEN-1333"]
[Site "http://www.queenalice.com/game.php?id=491699"]
[Date "2008.11.11"]
[Round "1"]
[White "lseaompaio"]
[Black "Groomi"]
[Result "1-0"]
[WhiteElo "1786"]
[BlackElo "1662"]

1. e4 c6 2. d4 d5 3. Nc3 Qa5 4. exd5 cxd5 5. Bd2 e6 6. Bb5+ Bd7 7. Nxd5 Qd8 8.
Qe2 Bd6 9. Nf3 a6 10. Bxd7+ Nxd7 11. Bb4 Bxb4+ 12. Nxb4 Qa5 13. c3 Ne7 14. O-O
Nf5 15. d5 Nc5 16. Rfd1 O-O 17. dxe6 Nxe6 18. Rd5 Nf4 19. Rxa5 Nxe2+ 20. Kf1
Nxc3 21. bxc3 Nd6 22. Rd1 Ne4 23. Rd7 Rab8 24. Nd5 Rfe8 25. Rc7 Red8 26. Ne5 Nd6
27. Ne7+ Kh8 28. Rd5 b5 29. Rxd6 Re8 30. Nxf7# 1-0

[Event "AUTO-OPEN-1333"]
[Site "http://www.queenalice.com/game.php?id=491716"]
[Date "2008.11.11"]
[Round "1"]
[White "lseaompaio"]
[Black "zolaweed"]
[Result "0-1"]
[WhiteElo "1855"]
[BlackElo "1795"]

1. e4 e5 2. Nf3 Nc6 3. Bc4 h6 4. Nc3 Nf6 5. Qe2 Be7 6. d3 a6 7. Nd5 Bd6 8. Be3
b5 9. Nxf6+ Qxf6 10. Bd5 Bb7 11. O-O O-O 12. h3 Rab8 13. a3 a5 14. c3 Be7 15.
Nh2 Qg6 16. Qg4 Qxg4 17. Nxg4 Kh7 18. Bxc6 Bxc6 19. Nxe5 g5 20. f4 f6 21. Nxc6
dxc6 22. fxg5 hxg5 23. Rad1 Bd6 24. Rf5 Kg6 25. Rdf1 Be7 26. Bd4 c5 27. Bxc5
Bxc5+ 28. Rxc5 Rf7 29. Rff5 Rd8 30. Rxb5 Rxd3 31. Rxa5 Re3 32. Ra4 Rd7 33. Kf2
Rxe4 34. Rxe4 Kxf5 35. Ke3 Rd1 36. Rc4 Rc1 37. Rxc7 Rc2 38. g4+ Ke6 39. Rc6+ Kf7
40. b4 Ra2 0-1

[Event "AUTO-OPEN-1333"]
[Site "http://www.queenalice.com/game.php?id=491717"]
[Date "2008.11.11"]
[Round "1"]
[White "zolaweed"]
[Black "lseaompaio"]
[Result "0-1"]
[WhiteElo "1795"]
[BlackElo "1987"]

1. e4 Nf6 2. e5 Nd5 3. d4 d6 4. Nf3 dxe5 5. dxe5 g6 6. Be2 Bg7 7. c4 Nb6 8.
Qxd8+ Kxd8 9. O-O Nc6 10. Bf4 Bg4 11. b3 Bxf3 12. Rd1+ Kc8 13. Bxf3 Nxe5 14. Nd2
Nxf3+ 15. Nxf3 Bxa1 16. Rxa1 f6 17. Rd1 e5 18. Bh6 Rd8 19. Re1 a5 20. Bg7 Nd7
21. Nd2 Rg8 22. Bh6 g5 23. Re3 Ra6 24. h4 Rg6 25. hxg5 fxg5 26. Bxg5 Rxg5 27.
Ne4 Rg7 28. Ng3 Rd6 29. Re1 Rd2 30. a3 Rb2 31. Re3 Rf7 32. f3 b6 33. Kh2 Rf6 34.
Kh3 Rh6+ 35. Kg4 Rg6+ 36. Kh3 Rh6+ 37. Kg4 Rxg2 38. f4 exf4 39. Re8+ Kb7 40.
Kxf4 Rf6+ 41. Nf5 Rf2+ 0-1

[Event "Challenge"]
[Site "http://www.queenalice.com/game.php?id=492531"]
[Date "2008.11.13"]
[Round "-"]
[White "lseaompaio"]
[Black "SGT"]
[Result "0-1"]
[WhiteElo "1705"]
[BlackElo "1827"]

1. e4 c5 2. Nf3 d6 3. d4 cxd4 4. Nxd4 Nf6 5. Nc3 a6 6. Be2 Nc6 7. O-O e6 8. f4
Qc7 9. Nb3 Be7 10. Kh1 O-O 11. a3 b5 12. Be3 Bb7 13. Bf3 Rfd8 14. Qe1 Rac8 15.
Qg3 Kh8 16. Rfd1 Na5 0-1

[Event "Challenge"]
[Site "http://www.queenalice.com/game.php?id=492533"]
[Date "2008.11.13"]
[Round "-"]
[White "lseaompaio"]
[Black "atila"]
[Result "0-1"]
[WhiteElo "1689"]
[BlackElo "1478"]

1. e4 e5 2. Nf3 Nc6 3. Bc4 h6 4. d4 exd4 5. Nxd4 Nxd4 6. Qxd4 Nf6 7. e5 Qe7 8.
O-O Ng8 9. Nc3 f6 10. Nd5 Qxe5 11. Qxe5+ fxe5 12. Nxc7+ Kd8 13. Nxa8 b6 14. a4
Bb7 15. a5 bxa5 16. Rxa5 Bxa8 17. Rxa7 Bc6 18. b4 Bxb4 19. Bb2 Bd6 0-1

[Event "Challenge"]
[Site "http://www.queenalice.com/game.php?id=497203"]
[Date "2008.11.23"]
[Round "-"]
[White "theblackfox"]
[Black "lseaompaio"]
[Result "1-0"]
[WhiteElo "1866"]
[BlackElo "1962"]

1. e4 Nf6 2. Nc3 d5 3. d4 dxe4 4. Bg5 c6 5. Qe2 Qxd4 6. Be3 Qd6 7. f3 Bf5 8. Bg5
exf3 9. Nxf3 Nbd7 10. Bd2 Bxc2 11. g3 Nc5 12. Bf4 Nd3+ 13. Kd2 Nxf4+ 14. Kxc2
Nxe2 15. Bxe2 g6 16. Ng5 Bg7 17. Bc4 O-O 18. Rad1 Qc5 19. Bxf7+ Rxf7 20. Nxf7
Kxf7 21. Rhf1 1-0

[Event "AUTO-MASTER-689"]
[Site "http://www.queenalice.com/game.php?id=509031"]
[Date "2008.12.17"]
[Round "1"]
[White "JulioCG"]
[Black "lseaompaio"]
[Result "1-0"]
[WhiteElo "1975"]
[BlackElo "1880"]

1. e4 Nf6 2. e5 Nd5 3. Nf3 d6 4. exd6 cxd6 5. Bc4 Nb6 6. Bb3 Nc6 7. O-O Bg4 8.
d3 e6 9. Be3 Qf6 10. c3 Bxf3 11. Qxf3 1-0

[Event "AUTO-MASTER-689"]
[Site "http://www.queenalice.com/game.php?id=509032"]
[Date "2008.12.17"]
[Round "1"]
[White "lseaompaio"]
[Black "JulioCG"]
[Result "0-1"]
[WhiteElo "1912"]
[BlackElo "1961"]

1. e4 c5 2. Bc4 d6 3. Nc3 Bd7 4. d3 a6 5. a4 e6 6. f4 Nc6 7. Nf3 Nge7 8. O-O g6
9. Qe1 Bg7 10. Be3 O-O 11. Qh4 Nc8 0-1